| 000 | 00765nmc a2200277 a 4500 | ||
|---|---|---|---|
| 003 | AR-BaBNM | ||
| 005 | 20251128204422.0 | ||
| 008 | 015119s1980 ||||||||||||||000 | spa|| | ||
| 040 | _cAR-BaBNM | ||
| 100 | 1 | _aMartínez Sánchez, Amparo | |
| 245 | 1 | 0 | _aEducación permanente y cambio |
| 260 |
_aBuenos Aires _bDocencia _c1980 |
||
| 300 | 0 |
_a38 p. _bgráfs. |
|
| 490 | 0 |
_aInteracción educativa _vv. 10 |
|
| 650 | 4 | _aDEMOCRATIZACION | |
| 650 | 4 | _aEDUCACION DE ADULTOS | |
| 650 | 4 | _aCAMBIO SOCIAL | |
| 650 | 4 | _aPROCESO DE APRENDIZAJE | |
| 650 | 4 | _aEDUCACION PERMANENTE | |
| 650 | 4 | _aFORMACION PROFESIONAL | |
| 650 | 4 | _aEDUCACION DE LA MUJER | |
| 653 | 0 | _aESTRATEGIAS EDUCATIVAS | |
| 653 | 0 | _aINNOVACIONES EDUCATIVAS | |
| 942 | _cBK | ||
| 998 | _cCarmen | ||
| 999 |
_c7366 _d7366 |
||